Cinco tratados españoles de alquimia / (Record no. 185536)

MARC details
000 -LEADER
campo de control de longitud fija 00946nam a2200253 i 4500
001 - NÚMERO DE CONTROL
campo de control 185536
003 - IDENTIFICADOR DE NÚMERO DE CONTROL
campo de control SpMaBN
005 - FECHA Y HORA DE LA ÚLTIMA TRANSACCIÓN
campo de control 20240226212330.0
008 - DATOS DE LONGITUD FIJA--INFORMACIÓN GENERAL
campo de control de longitud fija 160629s1987 sp |||| | spa d
020 ## - NÚMERO INTERNACIONAL ESTÁNDAR DEL LIBRO
Número Internacional Estándar del Libro 84-309-1510-9
080 ## - NÚMERO DE LA CLASIFICACIÓN DECIMAL UNIVERSAL
Número de la Clasificación Decimal Universal 133.5:54
245 00 - MENCIÓN DEL TÍTULO
Título Cinco tratados españoles de alquimia /
Mención de responsabilidad, etc. edición, Juan Eslava Galán.
260 ## - PUBLICACIÓN, DISTRIBUCIÓN, ETC.
Lugar de publicación, distribución, etc. Madrid :
Nombre del editor, distribuidor, etc. Tecnos,
Fecha de publicación, distribución, etc. [1987]
300 ## - DESCRIPCIÓN FÍSICA
Extensión 195 p. ;
Dimensiones 22 cm.
490 1# - MENCIÓN DE SERIE
Mención de serie La memoria del fénix ;
Designación de volumen o secuencia 1
504 ## - NOTA DE BIBLIOGRAFÍA, ETC.
Nota de bibliografía, etc. Bibliografía: p. 191-195.
505 8# - NOTA DE CONTENIDO CON FORMATO
Nota de contenido con formato Contiene: ;
Título Libro del tesoro y el candado ;
-- Carta alquímica ;
-- Coplas sobre la piedra filosofal ;
-- Toque de alquimia ;
-- Suma medicina o Piedra filosofal
650 #7 - PUNTO DE ACCESO ADICIONAL DE MATERIA--TÉRMINO DE MATERIA
Término de materia o nombre geográfico como elemento de entrada Alquimia.
9 (RLIN) 9742
650 #4 - PUNTO DE ACCESO ADICIONAL DE MATERIA--TÉRMINO DE MATERIA
Término de materia o nombre geográfico como elemento de entrada Alquimia-
Subdivisión geográfica España.
9 (RLIN) 159866
700 1# - ENTRADA AGREGADA--NOMBRE PERSONAL
Nombre de persona Eslava Galán, Juan,
Fechas asociadas al nombre 1948-
9 (RLIN) 47732
830 0# - PUNTO DE ACCESO ADICIONAL DE SERIE-TÍTULO UNIFORME
Título uniforme La memoria del fénix ;
Designación de volumen o secuencia 1
9 (RLIN) 188845
852 ## - LOCALIZACIÓN
Ubicación ES-MaACL
Número de control de estantería L-30440
Nota libre . - Donat. Miguel A. Velasco
Holdings
Estatus retirado Estado de pérdida Estado de daño No para préstamo Biblioteca de origen Biblioteca actual Ubicación en estantería Fecha de adquisición Fuente de adquisición Total de préstamos Signatura topográfica completa Código de barras Visto por última vez Precio de reemplazo Tipo de ítem Koha
        Biblioteca del Ateneo de Madrid Biblioteca del Ateneo de Madrid Depósito 2 29/06/2016     L-30440 1195537 23/02/2023 23/02/2023 Libro impreso